000 00796nam a2200253Ia 4500
003 OSt
005 20220926010649.0
006 a|||||r|||| 00| 0
007 ta
008 220923b |||||||| |||| 00| 0 eng d
020 _a0300037465
_c
_2500
037 _b33575, 07/08/1987, I.B.D.
_cGeneral Book
040 _aRTL
_cRTL
_beng
041 _2eng
_aeng
082 _aRxM74:g, M7
100 _aKrois John Michael
_9312723
245 0 _aCassirer
_b Symbolic forms and history
260 _aNew Haven
_bYale University Press USA
_c1987
300 _axvi, 262p
_ccm.
500 _aBibliography P 251-58
650 _aPhilosophy - Ernest Cassirer
_9312724
942 _hRxM74:g, M7
_cGB
_2CC
999 _c617988
_d617988